000 00624cam a22002293a 4500
001 11917
003 PGUSA
005 20140828083242.0
008 040401s2004||||xxu|||||s|||||000 | eng d
040 _aPGUSA
_beng
042 _adc
050 4 _aDA
100 1 _aLawless, Emily,
_d1845-1913
245 1 4 _aThe Story of Ireland
_h[electronic resource] /
_cEmily Lawless
260 _bProject Gutenberg,
_c2004
506 _aPublic domain in the USA.
516 _aElectronic text
653 _aIreland -- History
830 0 _aProject Gutenberg
_v11917
856 4 0 _uhttp://www.gutenberg.org/ebooks/11917
942 _cEB
999 _c241172
_d241172